Städte in Nordrhein-Westfalen- Sudden Death - Statistiken

Allgemein
  • Dieses Quiz wurde 799 mal gespielt
  • Das Durchschnittsergebnis liegt bei 9 aus 15
Answers on the Grid
Answers color-coded by a green-red scale on the quiz's grid according to % correct below.
Arnheim
Bielefeld
Bonn
Castrop-Rauxel
Cochem
Coesfeld
Dülmen
Düren
Eupen
Euskirchen
Gießen
Gotha
Göttingen
Hameln
Jülich
Kassel
Kleve
Koblenz
Köln
Leuwen
Limburg (Lahn)
Lingen (Ems)
Marburg
Minden
Münster
Osnabrück
Remscheid
Siegen
Venlo
Winterberg
 
Antwortstatistiken
Antwort % Korrekt
Bonn
94%
Bielefeld
92%
Köln
77%
Castrop-Rauxel
76%
Münster
68%
Düren
65%
Siegen
55%
Euskirchen
54%
Remscheid
52%
Kleve
46%
Coesfeld
44%
Minden
41%
Winterberg
37%
Dülmen
36%
Jülich
36%
Keine übereinstimmenden Quizze gefunden
Verteilung der Resultate
Anzahl Personen mit jedem Resultat
Perzentil nach korrekt beantworteten Fragen
Ihre Resultats-Entwicklung
Sie haben dieses Quiz noch nicht gespielt